00650nam a22001577a 4500003000900000005001700009008004100026040001300067100003500080245008700115250001100202260005300213300002000266490003500286520017100321IT-RoPau20220918181106.0130523b xxu||||| |||| 00| 0 eng d cIT-RoPau aCentro Promozione e Formazione a"Al centro sta Gesù Cristo Via, Verità e Vita"bCentro Promozione e Formazione a1° ed aRomabSSP - Centro Promozione e Formazionecs.d. a13 pp.c29,5 cm aCentro Promozione e Formazione aIndice Schema 1 - Spiritualità paolina Schema 2 - "Io sono la Via" Schema 3 - "Iosono la Verita" Schema 4 - "Io sono la Vita" Schema 5 - Il Maestro e il Discepolo